Quick Pick: US Presidents Two Consecutive Terms Quiz Stats

 Plays Quiz Updated Apr 8, 2018

Score 0/13 Timer 01:00
1 Play Today
% Correct
Barack Obama
94.9%
Bill Clinton
91%
Ronald Reagan
90.5%
Franklin D. Roosevelt
89.7%
George W. Bush
89.4%
George Washington
84.1%
Dwight D. Eisenhower
81.1%
Thomas Jefferson
77.3%
Woodrow Wilson
64.9%
James Madison
61.6%
Ulysses S. Grant
55.7%
James Monroe
54.6%
Andrew Jackson
53.6%

Today's Daily Dose

Missing Word
Arizona A-Z

Word Ladder
Greek Letters II

Get the Picture
US National Parks

You're not logged in!

Compare scores with friends on all Sporcle quizzes.
OR
Log In

You Might Also Like...

Show Comments

Extras

Top Quizzes Today


Score Distribution

Your Account Isn't Verified!

In order to create a playlist on Sporcle, you need to verify the email address you used during registration. Go to your Sporcle Settings to finish the process.

Report this User

Report this user for behavior that violates our Community Guidelines.

Details: